00743nam a22002057a 4500003000400000005001700004008004100021020001500062040000700077100002700084245006700111260003700178300002400215500005500239504003200294505014000326650001800466650003100484650002200515OSt20191029062703.0180320b xxu||||| |||| 00| 0 spa d a9501406172 cPJ aGaribotto, Juan Carlos10aTeoría general del acto jurídico /cJuan Carlos Garibotto. aBuenos Aires :bDepalma, c1991. axxi, 350 p.c23 cm. aCitas y notas bibliográficas a pie de página.  aBibliografía: p. 343-350. aContenido: Concepto, elementos, efectos, defectos, ineficacia y convalidación de los negocios jurídicos. Doctrina y jurisprudencia. 0aDERECHO CIVIL 0aHECHOS Y ACTOS JURÍDICOS 0aACTOS JURÍDICOS